Poistná štatistika

Gespeichert in:
Bibliographische Detailangaben
1. Verfasser: Kotlebová, Eva
Körperschaft: Ekonomická univerzita v Bratislave. Fakulta hospodárskej informatiky
Weitere Verfasser: Šoltésová, Tatiana, 1975-, Moravčíková, Katarína, 1989-, Pinda, Ľudovít, 1958-, Megyesiová, Silvia, 1969-
Format: Buch
Sprache:Slowakisch
Veröffentlicht: Bratislava Vydavateľstvo EKONÓM EU v Bratislave 2019
Ausgabe:1. vydanie
Schlagworte:
Tags: Tag hinzufügen
Keine Tags, Fügen Sie das erste Tag hinzu!

MARC

LEADER 00000nam a2200000 4500
001 0258529
005 20240502074106.8
020 |a 978-80-225-4629-4 
041 0 |a slo 
044 |a SK 
245 1 0 |a Poistná štatistika  |c Eva Kotlebová a kolektív ; recenzenti: Ľudovít Pinda, Silvia Megyesiová 
250 |a 1. vydanie 
264 1 |a Bratislava  |b Vydavateľstvo EKONÓM EU v Bratislave  |c 2019 
300 |a 205 s. [10,89 AH] 
610 2 0 |a štatistika poistná 
610 2 0 |a teória pravdepodobnosti 
610 2 0 |a poisťovníctvo 
610 2 0 |a štatistika 
610 2 0 |a plnenie poistné 
610 2 0 |a udalosti poistné 
610 2 0 |a modelovanie 
610 2 0 |a riziko 
610 2 0 |a kolektív 
610 2 0 |a štatistika matematická 
610 2 0 |a teória kredibility 
100 1 |a Kotlebová, Eva 
700 1 |a Šoltésová, Tatiana, 1975- 
700 1 |a Moravčíková, Katarína, 1989- 
700 1 |a Pinda, Ľudovít, 1958- 
700 1 |a Megyesiová, Silvia, 1969- 
710 2 |a Ekonomická univerzita v Bratislave. Fakulta hospodárskej informatiky